Statistiques concernant Personnages de Kaamelott par images

Cliquez ici pour prendre le quiz!

Statistiques générales

  • Ce quiz a été pris 636 fois
  • Le résultat moyen est 15 sur 20

Statistiques - réponses

Réponse% Correct
Arthur
100%
Lancelot du Lac
97%
Perceval
97%
Guenièvre
96%
Merlin
96%
Karadoc
93%
La Dame du Lac
93%
Gauvain
84%
Léodagan
82%
Yvain
81%
Bohort
79%
Le Duc d'{Aquitaine}
77%
Le Roi {Burgonde}
76%
Père Blaise
67%
Séli
65%
Loth
58%
Mevanwi
58%
Venec
52%
{Ygerne} de Tintagel
45%
Calogrenant
44%

Distribution des résultats

Percentile par nombre de réponses

% des personnes avec chaque résultat

Votre développement - résultats

Vous n’avez pas pris ce quiz